000 00328nam a22001337a 4500
020 _a0-07-027378-2
082 _a621.3885 DES'C
100 _aDESCHLER, KENNETH T
_964733
245 _aCABLE TELEVISION TECHNOLOGY
260 _aNEWYORK
_bMCGRAW HILL
_c1987
300 _a262P
650 _aCABLE TELEVISION
_964734
942 _cBK
999 _c573141
_d573141